| 000 | 01701nab a2200289 a 4500 | ||
|---|---|---|---|
| 005 | 20260110063929.0 | ||
| 008 | 991125c2018 sp fr p o 000 0 spa d | ||
| 035 | _aUPN01000225618 | ||
| 040 |
_aUPN _bspa _cUPN _eaacr2 |
||
| 049 | _aART-E | ||
| 100 | 1 |
_aMontes Navarro, Miguel Ángel _6- miguel.montes@ddcc.uhu.es |
|
| 100 | 1 | _aContreras, Luis Carlos | |
| 100 | 1 | _aCarrillo, José | |
| 245 | 1 | 0 |
_aMaestro, ¿cuál es el número más grande que existe? Trascendiendo el currículum en la exploración del conocimiento especializado del profesor _h[recurso electrónico en línea] |
| 506 | 0 | _aAcceso abierto | |
| 520 | 3 | _aEste artículo muestra una aproximación al conocimiento profesional del profesor de matemáticas en situaciones relacionadas con contextos escolares de Primaria y Secundaria en la que la propia situación exige movilizar conocimiento relativo a elementos no presentes en el currículo de la etapa, en particular, relativo al concepto de infinito. Para ello, a través del potencial analítico que brinda el modelo de Conocimiento Especializado del Profesor de Matemáticas, se ponen de relieve la complejidad, coherencia y multidimensionalidad del conocimiento de dos profesores gestionando situaciones en las que este concepto adopta un papel relevante. | |
| 650 | 4 |
_aMatemáticas _913035 |
|
| 650 | 4 |
_aEducación básica _97340 |
|
| 653 | 0 | _aConocimiento profesional | |
| 653 | 0 | _aDocentes | |
| 653 | 0 | _aCurriculum | |
| 773 |
_gNo. 13 (2018), p. 5-20 _tAvances de investigación en educación matemática _x2254-4313 |
||
| 856 | 4 | _uhttps://aiem.es/article/view/3926 | |
| 856 | 4 | _uhttps://doi.org/10.35763/aiem.v0i13.226 | |
| 905 | _aArticulo | ||
| 942 | _cART-E | ||
| 999 |
_c197714 _d197714 |
||